00210nam a22000857a 4500008004100000100001400041245003100055260003000086300000800116250107b |||||||| |||| 00| 0 eng d aD C Tayal aPrinciples of Electronics  aDelhibHimalaya Pubc1988 a262